| 000 | 00490nam a2200193Ia 4500 | ||
|---|---|---|---|
| 005 | 20251020182544.0 | ||
| 008 | 200515s9999 xx 000 0 und d | ||
| 082 | _a747/B57/2 | ||
| 100 | _aBLACKWELL, Lewis Bullivant, Lucy KNOBEL, Lance | ||
| 245 | 0 | _aBiblioteca del Interiorismo Internacional : restaurantes y bares | |
| 260 | _aBarcelona | ||
| 260 | _c1993 | ||
| 300 | _a149 | ||
| 500 | _a1 ejemplar | ||
| 650 | _aBARES | ||
| 650 | _aLIB | ||
| 650 | _aRESTAURANTES | ||
| 942 | _cLIB | ||
| 999 |
_c2491 _d2491 |
||